MARC

LEADER 00000nam0a2200000 4500
001 39899
005 20231031011848.0
035 |a (RuTPU)RU\TPU\book\40777 
090 |a 39899 
100 |a 20020415d1982 k y0rusy50 ca 
101 0 |a rus 
102 |a BY 
105 |a a z 001zy 
200 1 |a Планирование эксперимента  |f Г. И. Красовский, Г. Ф. Филаретов 
210 |a Минск  |c Изд-во Белорусского ГУ  |d 1982 
215 |a 302 с.  |c ил. 
320 |a Библиогр.: с. 300. 
610 1 |a математика 
610 1 |a планирование эксперимента 
610 1 |a теория вероятностей 
610 1 |a статистическое оценивание 
610 1 |a статистические гипотезы 
610 1 |a регрессионный анализ 
610 1 |a экстремальные эксперименты 
675 |a 519.242  |v 3 
700 1 |a Красовский  |b Г. И.  |g Геннадий Иванович 
701 1 |a Филаретов  |b Г. Ф.  |g Геннадий Федорович 
801 1 |a RU  |b 63413507  |c 20020415  |g PSBO 
801 2 |a RU  |b 63413507  |c 20160531  |g PSBO 
942 |c BK